| 000 | 00527nam a2200193Ia 4500 | ||
|---|---|---|---|
| 005 | 20250326145314.0 | ||
| 008 | 250326s9999 xx 000 0 und d | ||
| 037 | _aTextbook | ||
| 040 |
_aFMSL _beng _cFMSL |
||
| 041 |
_aeng _2eng |
||
| 084 |
_aX:87 Q2 _qFMSL |
||
| 100 |
_aStacey R _9750968 |
||
| 245 | 0 |
_aTools and techniques on leadership and management _cStacey R |
|
| 260 |
_aNY _bNY, Routledge _c2012 |
||
| 365 | _b2445.7662 | ||
| 650 | _aManagement | ||
| 942 |
_cTB _hX:87 Q2 |
||
| 999 |
_c1307115 _d1307115 |
||